{"text_format":"3","workbook":"xlsx","n_sheets":1,"sheets":["Worksheet"],"read":"whole","date_system":"1900"}

{"sheet":"Worksheet","index":0,"n_rows":63,"n_cols":11,"rows_kept":63}
["№","Фамилия","Имя","Отчество","Пол","Класс","Класс участия","Балл","Макс. балл","Статус","Учитель"]
[1,"Утяганов","Тимур","Евгеньевич","м",7,7,46,80,"победитель","Пыхарев Геннадий Николаевич"]
[2,"Романовский","Кирилл","Олегович","м",7,7,45,80,"призер","Пыхарев Геннадий Николаевич"]
[3,"Симонова","Ксения","Александровна","ж",7,7,44,80,"призер","Пыхарев Геннадий Николаевич"]
[4,"Мамацева","Таисия","Арзакановна","ж",7,7,43,80,"участник","Пыхарев Геннадий Николаевич"]
[5,"Валеев","Карим","Радисович","м",7,7,43,80,"участник","Пыхарев Геннадий Николаевич"]
[6,"Федина","Дарья","Сергеевна","ж",7,7,42,80,"участник","Пыхарев Геннадий Николаевич"]
[7,"Алмаев","Реналь","Русланович","м",7,7,38,80,"участник","Пыхарев Геннадий Николаевич"]
[8,"Сархиванова","Полина","Антоновна","ж",7,7,37,80,"участник","Пыхарев Геннадий Николаевич"]
[9,"Демир","Денис","Дюзгюнович","м",7,7,34,80,"участник","Пыхарев Геннадий Николаевич"]
[10,"Денисов","Артём","Станиславович","м",7,7,34,80,"участник","Пыхарев Геннадий Николаевич"]
[11,"Лойчик","Герман","Анатольевич","м",7,7,33,80,"участник","Пыхарев Геннадий Николаевич"]
[12,"Черкасова","Кристина","Дмитриевна","ж",7,7,32,80,"участник","Пыхарев Геннадий Николаевич"]
[13,"Штина","Дарья","Алексеевна","ж",6,6,39,80,"участник","Бикбова Елизавета Юрьевна"]
[14,"Саниева","Сафина","Ришатовна","ж",6,6,32,80,"участник","Бикбова Елизавета Юрьевна"]
[15,"Громова","Диана","Владимировна","ж",6,6,22,80,"участник","Бикбова Елизавета Юрьевна"]
[16,"Сахапова","Диана","Руслановна","ж",6,6,15,80,"участник","Бикбова Елизавета Юрьевна"]
[17,"Романовский","Егор","Олегович","м",8,8,55,80,"победитель","Пыхарев Геннадий Николаевич"]
[18,"Путилов","Данил","Дмитриевич","м",8,8,49,80,"призер","Пыхарев Геннадий Николаевич"]
[19,"Солдатов","Никита","Иванович","м",8,8,47,80,"призер","Пыхарев Геннадий Николаевич"]
[20,"Гаврилов","Макар","Егорович","м",8,8,44,80,"призер","Пыхарев Геннадий Николаевич"]
[21,"Сергеева","Алена","Олеговна","ж",8,8,43,80,"участник","Пыхарев Геннадий Николаевич"]
[22,"Охотников","Дмитрий","Ильич","м",8,8,40,80,"участник","Пыхарев Геннадий Николаевич"]
[23,"Никонорова","Тамара","Сергеевна","ж",8,8,39,80,"участник","Пыхарев Геннадий Николаевич"]
[24,"Арсланова","Алсу","Денисовна","ж",8,8,39,80,"участник","Пыхарев Геннадий Николаевич"]
[25,"Дудченко","Альберт","Александрович","м",8,8,36,80,"участник","Пыхарев Геннадий Николаевич"]
[26,"Петров","Георгий","Александрович","м",8,8,36,80,"участник","Пыхарев Геннадий Николаевич"]
[27,"Идкаев","Данияр","Ринатович","м",8,8,32,80,"участник","Пыхарев Геннадий Николаевич"]
[28,"Ненахова","Алена","Сергеевна","ж",8,8,23,80,"участник","Пыхарев Геннадий Николаевич"]
[29,"Низамов","Матвей","Антонович","м",9,9,78,100,"победитель","Абдуллина Эльвира Фирдусовна"]
[30,"Сабирьянова","Эвелина","Динаровна","м",9,9,76,100,"призер","Абдуллина Эльвира Фирдусовна"]
[31,"Валиева","Ясмина","Рафисовна","ж",9,9,63,100,"призер","Абдуллина Эльвира Фирдусовна"]
[32,"Кибардин","Олег","Дмитриевич","м",9,9,53,100,"призер","Абдуллина Эльвира Фирдусовна"]
[33,"Марченко","Олег","Сергеевич","м",9,9,49,100,"участник","Абдуллина Эльвира Фирдусовна"]
[34,"Хакимов","Адель","Марселевич","м",9,9,45,100,"участник","Абдуллина Эльвира Фирдусовна"]
[35,"Никитина","Василиса","Валерьевна","ж",9,9,42,100,"участник","Абдуллина Эльвира Фирдусовна"]
[36,"Фархетдинов","Данияр","Равилевич","м",9,9,39,100,"участник","Абдуллина Эльвира Фирдусовна"]
[37,"Антонин","Эрик","Русланович","м",9,9,38,100,"участник","Абдуллина Эльвира Фирдусовна"]
[38,"Каримова","Алина","Ринатовна","ж",9,9,34,100,"участник","Абдуллина Эльвира Фирдусовна"]
[39,"Шаймарданова","Амиля","Альмировна","ж",9,9,33,100,"участник","Абдуллина Эльвира Фирдусовна"]
[40,"Габдрахманов","Данияр","Ленарович","м",9,9,32,100,"участник","Абдуллина Эльвира Фирдусовна"]
[41,"Кыржа","Таисия","Павловна","ж",9,9,32,100,"участник","Абдуллина Эльвира Фирдусовна"]
[42,"Сысуев","Фёдор","Сергеевич","м",9,9,30,100,"участник","Абдуллина Эльвира Фирдусовна"]
[43,"Салимов","Артур","Саматович","м",9,9,30,100,"участник","Абдуллина Эльвира Фирдусовна"]
[44,"Гарнышева","Мария","Олеговна","ж",9,9,28,100,"участник","Абдуллина Эльвира Фирдусовна"]
[45,"Фукина","Юлия","Игоревна","ж",9,9,18,100,"участник","Абдуллина Эльвира Фирдусовна"]
[46,"Саутин","Евгений","Владимирович","м",10,10,73,100,"победитель","Абдуллина Эльвира Фирдусовна"]
[47,"Эминов","Эмиргамза","Исрефилович","м",10,10,68,100,"призер","Абдуллина Эльвира Фирдусовна"]
[48,"Романенко","Егор","Сергеевич","м",10,10,56,100,"призер","Абдуллина Эльвира Фирдусовна"]
[49,"Каблукова","Валерия","Викторовна","ж",10,10,51,100,"участник","Абдуллина Эльвира Фирдусовна"]
[50,"Тасимов","Артур","Ильясович","м",10,10,51,100,"участник","Абдуллина Эльвира Фирдусовна"]
[51,"Шаймухаметов","Айнур","Фаргатович","м",10,10,45,100,"участник","Абдуллина Эльвира Фирдусовна"]
[52,"Иванов","Эмиль","Юрьевич","м",10,10,42,100,"участник","Абдуллина Эльвира Фирдусовна"]
[53,"Васиков","Булат","Денисович","м",10,10,41,100,"участник","Абдуллина Эльвира Фирдусовна"]
[54,"Лихачева","Валерия","Андреевна","ж",10,10,40,100,"участник","Абдуллина Эльвира Фирдусовна"]
[55,"Попов","Александр","Алексеевич","м",10,10,35,100,"участник","Абдуллина Эльвира Фирдусовна"]
[56,"Сафин","Вильдан","Маратович","м",10,10,21,100,"участник","Абдуллина Эльвира Фирдусовна"]
[57,"Сунгатуллин","Азат","Алмазович","м",10,10,15,100,"участник","Абдуллина Эльвира Фирдусовна"]
[58,"Губайди","Эвелина","Ильдаровна","ж",11,11,69,100,"победитель","Абдуллина Эльвира Фирдусовна"]
[59,"Идкаев","Тимур","Ринатович","м",11,11,58,100,"призер","Абдуллина Эльвира Фирдусовна"]
[60,"Золотухина","Ольга","Олеговна","ж",11,11,51,100,"участник","Абдуллина Эльвира Фирдусовна"]
[61,"Гильфанов","Камил","Ильдарович","м",11,11,40,100,"участник","Абдуллина Эльвира Фирдусовна"]
[62,"Шевченко","Ярослав","Александрович","м",11,11,40,100,"участник","Абдуллина Эльвира Фирдусовна"]